000
00313pab a2200133 454500
008
180718b xxu||||| |||| 00| 0 eng d
100
_a
Ganeson K.
245
_a
Multimember pou panel
362
_a
8 Oct 93, p.8
650
_a
Chief Election Commissioner
650
_a
Elections
773
_a
Hindu
909
_a
25812
999
_c
25812
_d
25812